Sistema de seguimiento de objetos utilizando una cámara de video y el sistema operativo GNU/Linux

Gardado en:
Detalles Bibliográficos
Autor Principal: Gómez Salazar, Luis Federico
Formato: Libro
Idioma:Spanish
Publicado: [San José, Costa Rica] 2006
Materias:
Etiquetas: Engadir etiqueta
Sen Etiquetas, Sexa o primeiro en etiquetar este rexistro!

MARC

LEADER 00000nam a22000007a 4500
003 009797
005 20221231144118.0
007 ta
008 161013b2006 cr a|||| |||| 00| ||spa d
040 |c cru CEDI  
090 |a TFG 5321 
100 |9 5288  |a Gómez Salazar, Luis Federico  
245 |a Sistema de seguimiento de objetos utilizando una cámara de video y el sistema operativo GNU/Linux  
260 |a [San José, Costa Rica]  |c 2006 
300 |a  ix, 61 hojas : ilustraciones (algunas a color)  
500 |a  Proyecto de graduación (bachillerato en ingeniería eléctrica) --Universidad de Costa Rica. Facultad de Ingeniería. Escuela de Ingeniería Eléctrica 
650 |x VIDEO DIGITAL  |x PROCESAMIENTO DIGITAL DE IMAGENES  |x PROGRAMAS PARA COMPUTADORA  |9 4987 
942 |c TFG 
999 |c 17071  |d 17071